| Tag |
First Indicator |
Second Indicator |
Subfields |
| LEADER |
00000cam a22000001i 4500 |
| 001 |
in00004367404 |
| 006 |
m |o d | |
| 007 |
cr |n||||||||| |
| 008 |
210903s2021 nyu ob 001 0 eng d |
| 005 |
20250816210556.2 |
| 020 |
|
|
|a 9781438484907 (electronic bk.)
|
| 020 |
|
|
|a 1438484909 (electronic bk.)
|
| 020 |
|
|
|z 9781438484891
|
| 020 |
|
|
|z 1438484895
|
| 024 |
8 |
|
|a 40030712261
|
| 035 |
|
|
|a (NhCcYBP)ebc6684800
|
| 040 |
|
|
|a NhCcYBP
|c NhCcYBP
|d UtOrBLW
|
| 043 |
|
|
|a a-ii---
|
| 050 |
|
4 |
|a BP188.8.I4
|b A76 2021
|
| 082 |
0 |
4 |
|a 297.4
|2 23
|
| 100 |
1 |
|
|a Alam, Muzaffar,
|d 1947-
|e author.
|0 http://id.loc.gov/authorities/names/n85107718
|
| 245 |
1 |
4 |
|a The Mughals and the Sufis :
|b Islam and political imagination in India, 1500-1750 /
|c Muzaffar Alam.
|
| 250 |
|
|
|a First SUNY Press edition.
|
| 264 |
|
1 |
|a Albany :
|b State University of New York Press,
|c [2021]
|
| 300 |
|
|
|a 1 online resource.
|
| 336 |
|
|
|a text
|b txt
|2 rdacontent
|
| 337 |
|
|
|a computer
|b c
|2 rdamedia
|
| 338 |
|
|
|a online resource
|b cr
|2 rdacarrier
|
| 500 |
|
|
|a "First published by Permanent Black D-28."
|
| 504 |
|
|
|a Includes bibliographical references and index.
|
| 505 |
0 |
|
|a Introduction: A long view of Sufism and political culture in India -- The Mughals, the Sufi Shaikhs, and the formation of the Akbari dispensation -- A Sufi critique of religious law, tasawwuf, and politics in Mughal India -- Shah Madar, Sufi religion, and a view of "true Islam" in a Mughal Chishti Tazkira -- Strategy and imagination in a Mughal Sufi story of creation -- In search of a sacred king : Dara Shukoh and the Yogavasisthas of Mughal India -- Piety, poetry, and the contested loyalties of Mughal princesses, c. 1635-1700 -- The Naqshbandi Shaikhs of Sirhind in Aurangzeb's empire and its aftermath.
|
| 588 |
|
|
|a Description based on print version record.
|
| 500 |
|
|
|a Electronic resource.
|
| 650 |
|
0 |
|a Sufism
|z India
|x History.
|0 http://id.loc.gov/authorities/subjects/sh2010114483
|
| 650 |
|
0 |
|a Islam and politics
|z India.
|0 http://id.loc.gov/authorities/subjects/sh85068421
|
| 650 |
|
0 |
|a Islam and state
|z India.
|
| 651 |
|
0 |
|a Mogul Empire
|x Religion.
|
| 651 |
|
0 |
|a Mogul Empire
|x Politics and government.
|0 http://id.loc.gov/authorities/subjects/sh2008115922
|
| 651 |
|
0 |
|a India
|x Politics and government
|y 997-1765.
|0 http://id.loc.gov/authorities/subjects/sh85064938
|
| 655 |
|
7 |
|a Electronic books.
|2 local
|
| 710 |
2 |
|
|a ProQuest (Firm)
|0 http://id.loc.gov/authorities/names/n2007068018
|
| 776 |
1 |
8 |
|c Original
|z 9781438484891
|z 1438484895
|w (DLC) 2021006831
|
| 856 |
4 |
0 |
|u https://ebookcentral.proquest.com/lib/tamucs/detail.action?docID=6684800
|z Connect to the full text of this electronic book
|t 0
|
| 945 |
|
|
|b 21031
|
| 955 |
|
|
|a YBP purchased approval e-records
|
| 980 |
|
|
|b ebook
|c 40030712261
|f NONFIC/B
|g 565751
|k USD
|m 237.50
|q 1
|s AcqMono Conventional
|t Approval plan
|u Vendor order reference number
|v ZYBP
|y E-approvals
|z Electronic resource
|
| 987 |
|
|
|a ybp302359143
|
| 999 |
f |
f |
|s 747784bf-6999-3c47-b12c-b0d25878b107
|i d16f4ec8-5f1b-37e6-8301-50b7a46c450a
|t 0
|
| 952 |
f |
f |
|a Texas A&M University
|b College Station
|c Electronic Resources
|d Available Online
|t 0
|e BP188.8.I4 A76 2021
|h Library of Congress classification
|
| 998 |
f |
f |
|a BP188.8.I4 A76 2021
|t 0
|l Available Online
|